000 00644nam a2200205Ia 4500
003 GCL
008 140319s9999 xx 000 0 ara d
040 _aGCL /
_cGCL
082 0 4 _a155.4
_bم م
100 1 _aمحمد عبدالظاهر الطيب
245 1 0 _aمشكلات الابناء وعلاجها: من الجنين الى المراهق /
_cمحمد عبدالظاهر الطيب
260 _a[S.N] :
_bدار المعرفة الجامعية ،
_c1994
300 _a232 ص
490 _a
650 0 4 _aالمراهقة
650 0 4 _aالمراهقون
650 0 4 _aالشباب
650 0 4 _aالجنين
942 _2ddc
_cBK
999 _c29182
_d29182